000 00586nam a2200181Ia 4500
008 140529s9999 xx 000 0 und d
020 _a9780443100826
050 _aRC 582
_b.P313 2009
100 _aPeakman, Mark.
245 _aBasic and clinical immunology /
_cMark Peakman, Diego Vergani ; illustrated by Robert Britton, Ethan Danielson
250 _a2nd ed.
260 _aEdinburgh :
_bChurchill Livinstone,
_cc2009.
300 _a365 p. :
_bcol. ill. ;
_c30 cm.
500 _aIncludes appendices and index.
650 _aImmunology.
942 _kFOR
_cBK
999 _c117600
_d117600